00863nam a2200229Ia 4500003000900000008004100009040001600050080001700066100002600083245013500109260004000244300001500284490007300299650002900372650001900401650002900420650001500449700002600464942000700490999001500497952012100512IN-BaIIA211028s9999 xx 000 0 eng d cIIA Library a519.245bSPA aSpanier, Jerome96104 0aMonte Carlo principles and neutron transport problemscJerome Spanier and Ely M. Gelbard  aMassachusettsbAddison-Wesleyc1969 axiv, 234p. aAddison-Wesley Series in Computer Science and Information Processing aMonte Carlo Method96105 aNASA Thesaurus aStastical Analysts96106 aStatistics aGelbard, Ely M.96107 cBK c3450d3450 00104070aBANbBANcGENd1970-04-21g107.64l0o519.245/ SPAp3844r2021-11-05v107.64w1970-04-21yBKGRs. 107.64